<?xml version="1.0" encoding="UTF-8"?>
<record
    xmlns:xsi="http://www.w3.org/2001/XMLSchema-instance"
    xsi:schemaLocation="http://www.loc.gov/MARC21/slim http://www.loc.gov/standards/marcxml/schema/MARC21slim.xsd"
    xmlns="http://www.loc.gov/MARC21/slim">

  <leader>01157nam a22002657a 4500</leader>
  <controlfield tag="003">BPGM</controlfield>
  <controlfield tag="005">20260626202445.0</controlfield>
  <controlfield tag="008">260626b1988    mx ||||| |||| 001 0 spa d</controlfield>
  <datafield tag="020" ind1=" " ind2=" ">
    <subfield code="a">968-6140-29-8</subfield>
  </datafield>
  <datafield tag="040" ind1=" " ind2=" ">
    <subfield code="a">BPGM</subfield>
    <subfield code="b">spa</subfield>
  </datafield>
  <datafield tag="041" ind1=" " ind2=" ">
    <subfield code="a">spa</subfield>
    <subfield code="h">spa</subfield>
  </datafield>
  <datafield tag="100" ind1=" " ind2=" ">
    <subfield code="a">COQ, VER&#xC1;STEGUI, CLAUDIO </subfield>
  </datafield>
  <datafield tag="245" ind1=" " ind2=" ">
    <subfield code="a">CADEREYTA </subfield>
    <subfield code="b">ALCALDIA MAYOR </subfield>
  </datafield>
  <datafield tag="260" ind1=" " ind2=" ">
    <subfield code="a">QUERETARO; </subfield>
    <subfield code="b">DIRECCION DE PATRIMONIO CULTURAL, SECRETARTAR&#xCD;A DE CULTURA Y BIENESTAR SOCIAL,  </subfield>
    <subfield code="c">1988. </subfield>
  </datafield>
  <datafield tag="300" ind1=" " ind2=" ">
    <subfield code="a">143 p&#xE1;ginas </subfield>
    <subfield code="c">20.9 cm x 13.6 cm </subfield>
  </datafield>
  <datafield tag="336" ind1=" " ind2=" ">
    <subfield code="2">rdacontent</subfield>
    <subfield code="a">texto</subfield>
    <subfield code="b">txt</subfield>
  </datafield>
  <datafield tag="337" ind1=" " ind2=" ">
    <subfield code="2">rdamedia</subfield>
    <subfield code="a">sin mediaci&#xF3;n</subfield>
    <subfield code="b">n</subfield>
  </datafield>
  <datafield tag="338" ind1=" " ind2=" ">
    <subfield code="2">rdacarrier</subfield>
    <subfield code="a">volumen </subfield>
    <subfield code="b">nc</subfield>
  </datafield>
  <datafield tag="490" ind1="0" ind2=" ">
    <subfield code="a">COLECCION DOCUMENTOS </subfield>
    <subfield code="v">8 </subfield>
  </datafield>
  <datafield tag="505" ind1=" " ind2=" ">
    <subfield code="a">EL LIBRO "CADEREYTA. ALCALD&#xCD;A MAYOR", COORDINADO POR EL HISTORIADOR Y CRONISTA CLAUDIO VER&#xC1;STEGUI (Y COAUTORES), ES UNA OBRA HISTORIOGR&#xC1;FICA FUNDAMENTAL QUE RECONSTRUYE EL PASADO COLONIAL, POL&#xCD;TICO, SOCIAL Y GEOGR&#xC1;FICO DE UNA DE LAS REGIONES M&#xC1;S IMPORTANTES DE LA SIERRA GORDA Y EL SEMIDESIERTO QUERETANO.</subfield>
  </datafield>
  <datafield tag="650" ind1=" " ind2=" ">
    <subfield code="a">GEOGRAFIA E HISTORIA</subfield>
  </datafield>
  <datafield tag="650" ind1=" " ind2=" ">
    <subfield code="a">HISTORIA GENERAL DE AMERICA DEL NORTE </subfield>
  </datafield>
  <datafield tag="650" ind1=" " ind2=" ">
    <subfield code="a">MESOAMERICA ( AMERICA MEDIA )  MEXICO</subfield>
  </datafield>
  <datafield tag="942" ind1=" " ind2=" ">
    <subfield code="2">ddc</subfield>
    <subfield code="c">COLQ</subfield>
  </datafield>
  <datafield tag="952" ind1=" " ind2=" ">
    <subfield code="0">0</subfield>
    <subfield code="1">0</subfield>
    <subfield code="2">ddc</subfield>
    <subfield code="4">0</subfield>
    <subfield code="7">2</subfield>
    <subfield code="8">ESPQ</subfield>
    <subfield code="a">BPCEFC</subfield>
    <subfield code="b">BPCEFC</subfield>
    <subfield code="c">SALA QUER&#xC9;TARO ACCESO B PLANTA ALTA</subfield>
    <subfield code="d">2026-06-26</subfield>
    <subfield code="e"> DGB</subfield>
    <subfield code="l">0</subfield>
    <subfield code="r">2026-06-26 20:25:37</subfield>
    <subfield code="t">EJ. 1</subfield>
    <subfield code="w">2026-06-26</subfield>
    <subfield code="y">COLQ</subfield>
  </datafield>
  <datafield tag="952" ind1=" " ind2=" ">
    <subfield code="0">0</subfield>
    <subfield code="1">0</subfield>
    <subfield code="2">ddc</subfield>
    <subfield code="4">0</subfield>
    <subfield code="7">2</subfield>
    <subfield code="8">ESPQ</subfield>
    <subfield code="a">BPCEFC</subfield>
    <subfield code="b">BPCEFC</subfield>
    <subfield code="c">SALA QUER&#xC9;TARO ACCESO B PLANTA ALTA</subfield>
    <subfield code="d">2026-06-26</subfield>
    <subfield code="e"> DGB</subfield>
    <subfield code="l">0</subfield>
    <subfield code="r">2026-06-26 20:25:37</subfield>
    <subfield code="t">EJ. 2</subfield>
    <subfield code="w">2026-06-26</subfield>
    <subfield code="y">COLQ</subfield>
  </datafield>
  <datafield tag="952" ind1=" " ind2=" ">
    <subfield code="0">0</subfield>
    <subfield code="1">0</subfield>
    <subfield code="2">ddc</subfield>
    <subfield code="4">0</subfield>
    <subfield code="7">2</subfield>
    <subfield code="8">ESPQ</subfield>
    <subfield code="a">BPCEFC</subfield>
    <subfield code="b">BPCEFC</subfield>
    <subfield code="c">SALA QUER&#xC9;TARO ACCESO B PLANTA ALTA</subfield>
    <subfield code="d">2026-06-26</subfield>
    <subfield code="e"> DGB</subfield>
    <subfield code="l">0</subfield>
    <subfield code="r">2026-06-26 20:25:37</subfield>
    <subfield code="t">EJ. 3</subfield>
    <subfield code="w">2026-06-26</subfield>
    <subfield code="y">COLQ</subfield>
  </datafield>
  <datafield tag="999" ind1=" " ind2=" ">
    <subfield code="c">68676</subfield>
    <subfield code="d">68676</subfield>
  </datafield>
</record>
